000 00457nam a2200169Ia 4500
003 OSt
005 20260321110347.0
008 211028s2018 xx 000 0 und d
040 _cAIMIT LIBRARY
041 _aeng
100 _aSerrao, Renson Rolif; B L Srinivas
_g151768
_95085
110 _aAravinda Prabhu S.
_95086
245 _aSupremo Astute Technologies /
260 _aMangalore
_c2018
710 _aJDA Software Pvt Ltd
_95087
942 _2ddc
_cPRO
999 _c217788
_d217788